J A Pye (Oxford) Ltd and another v Graham and another (Record no. 64276)
[ view plain ]
| 000 -LEADER | |
|---|---|
| fixed length control field | 01361cam a2200217 4500 |
| 001 - CONTROL NUMBER | |
| control field | ABS62663 |
| 008 - FIXED-LENGTH DATA ELEMENTS--GENERAL INFORMATION | |
| fixed length control field | 000000n2000 000 0 eng u |
| 035 ## - SYSTEM CONTROL NUMBER | |
| System control number | (Sirsi) u107539 |
| 245 ## - TITLE STATEMENT | |
| Title | J A Pye (Oxford) Ltd and another v Graham and another |
| 260 ## - PUBLICATION, DISTRIBUTION, ETC. | |
| Date of publication, distribution, etc. | 2000 |
| 490 ## - SERIES STATEMENT | |
| Series statement | Weekly Law Reports |
| Volume/sequential designation | [2000] 3 WLR 242-272(31) |
| 520 ## - SUMMARY, ETC. | |
| Summary, etc. | ChD 4 February 2000. Plaintiff (P) granted (G) a written grazing licence in February 1983 but refused to renew it upon expiry in December 1983. G continued to use the land despite unanswered requests to renew licence. G registered cautions with Land Registry on basis of title by adverse possession. P issued summons seeking cancellation of cautions. G died in 1998. In 1999 P commenced proceedings against G's widow for possession of land on the grounds that G's willingness to accept new licence prevented time running for limitation period under Limitation Act 1980 s15(1) and whether proceedings seeking relief other than recovery of land stopped time running under s15(1) and 38(1) of the 1980 Act. Summons and action for possession dismissed. |
| 590 ## - LOCAL NOTE (RLIN) | |
| Local note | ABS |
| 650 ## - SUBJECT ADDED ENTRY--TOPICAL TERM | |
| Topical term or geographic name entry element | JA PYE (OXFORD) LTD V GRAHAM |
| 650 ## - SUBJECT ADDED ENTRY--TOPICAL TERM | |
| Topical term or geographic name entry element | ADVERSE POSSESSION |
| 650 ## - SUBJECT ADDED ENTRY--TOPICAL TERM | |
| Topical term or geographic name entry element | EXTINGUISHMENT OF TITLE |
| 650 ## - SUBJECT ADDED ENTRY--TOPICAL TERM | |
| Topical term or geographic name entry element | LIMITATION ACT 1980 |
| 650 ## - SUBJECT ADDED ENTRY--TOPICAL TERM | |
| Topical term or geographic name entry element | GRAZING LICENCES |
| 690 ## - LOCAL SUBJECT ADDED ENTRY--TOPICAL TERM (OCLC, RLIN) | |
| Topical term or geographic name as entry element | PROPERTY AND LAND LAW-CASE LAW |
| 942 ## - ADDED ENTRY ELEMENTS (KOHA) | |
| Suppress in OPAC | 0 |
| Withdrawn status | Lost status | Source of classification or shelving scheme | Damaged status | Not for loan | Home library | Current library | Shelving location | Date acquired | Total Checkouts | Full call number | Barcode | Date last seen | Copy number | Price effective from | Koha item type |
|---|---|---|---|---|---|---|---|---|---|---|---|---|---|---|---|
| Dewey Decimal Classification | London | London | Journal article | 03/08/2000 | ABS62663 | 107539-1001 | 06/08/2019 | 1 | 06/08/2019 | Law report |